000 00353nam a22001577a 4500
003 SGT
020 _a9781264264544
082 _a615.58
_bD23D
100 _aDIPIRO, JOSEPH. T ,ed.
245 _aDIPIRO'S PHARMACOTHERAPY
250 _a12TH
260 _aNEW YORK
_bMC,GRAW HILL
_c2023
300 _a2618
653 _aPHARMACOTHERAPY
942 _2ddc
_cBK
999 _c26450
_d26450